LEADER 01707nam a2200325 i 4500 001 000000246230 003 CaOOAMICUS 005 20151028000000.0 008 151028s2006 it u000 u ita u 013 $a225135 020 $a88-7624-807-2 040 $aSeMil$bita 100 1 $aQuintavalle, Arturo Carlo.$0(OLS)http://semarc/name/17896 245 13$aIl Medioevo delle cattedrali :$bChiesa e Impero: la lotta delle immagini : secoli 11. e 12. /$cArturo Carlo Quintavalle ; con saggi di Arturo Calzona ... [et al.] ; schede di Stefania Babboni ... [et al.] ; [con] i musei del medioevo [di] Maria Teresa Fiorio ... [et al.]. 260 $aMilano :$bSkira,$c2006. 300 $a750 p. :$bill. ;$c35 cm. 500 $aCatalogo della Mostra tenuta a Parma nel 2006. 650 4$aArte romanica - Italia.$0(OLS)http://semarc/subject/2534 650 4$aCattedrali - Italia.$0(OLS)http://semarc/subject/7806 650 4$aArte - Europa - Sec. 11.-12. - Esposizioni - 2006.$0(OLS)http://semarc/subject/42654 650 4$aCattedrali - Europa - Sec. 11.-14.$0(OLS)http://semarc/subject/32055 700 1 $aFiorio, Maria Teresa.$0(OLS)http://semarc/name/7888 700 1 $aBabboni, Stefania.$0(OLS)http://semarc/name/82695 700 1 $aCalzona, Arturo.$0(OLS)http://semarc/name/45236 850 $aSeMil 852 $aSeMil$W1$xVenegono$y1$m5N X 24$j196576$B196576$CSeMilBibl$Z2$F207563 $81 961 $aOmaggio: Altro 996 $6020$a88-7624-807-2$9(OLS)http://semarc/number/255095 996 $6245$aIl Medioevo delle cattedrali :$bChiesa e Impero: la lotta delle immagini : secoli 11. e 12.$9(OLS)http://semarc/title/347960 996 $6260$aMilano :$bSkira$9(OLS)http://semarc/publisher/32219 LEADER 00616naa a2200157 i 4500 001 000000300725 003 CaOOAMICUS 005 20180831172708.0 008 180831n xx u000 u und u 013 $a8433 040 $aSeMil$bita 100 1 $aLodi, Enzo.$0(OLS)http://semarc/name/21422 245 13$aLa celebrazione degli altri sacramenti nel giorno del Signore. 650 4$aDomenica - Pastorale.$0(OLS)http://semarc/subject/5181 773 0 $tDomenica.$d[S.l. : s.n.], stampa 1968$kLiturgica. Nuova serie$w()34829 996 $6245$aLa celebrazione degli altri sacramenti nel giorno del Signore$9(OLS)http://semarc/title/376740